MARC details
| 000 -CABECERA |
| campo de control de longitud fija |
02653nam a2200313 4500 |
| 003 - IDENTIFICADOR DEL NÚMERO DE CONTROL |
| campo de control |
EC-UNACH |
| 005 - FECHA Y HORA DE LA ÚLTIMA TRANSACCIÓN |
| campo de control |
20251014120724.0 |
| 006 - CÓDIGOS DE INFORMACIÓN DE LONGITUD FIJA--CARACTERÍSTICAS DEL MATERIAL ADICIONAL |
| campo de control de longitud fija |
s||||gr|||| 00| 00 |
| 008 - DATOS DE LONGITUD FIJA--INFORMACIÓN GENERAL |
| campo de control de longitud fija |
150116t9999 mx r gr 000 0 spa d |
| 020 ## - NÚMERO INTERNACIONAL ESTÁNDAR DEL LIBRO |
| Número Internacional Estándar del Libro |
978-958-648-484-8 |
| 040 ## - FUENTE DE LA CATALOGACIÓN |
| Centro catalogador/agencia de origen |
EC-UNACH |
| Centro/agencia transcriptor |
EC-UNACH |
| 041 ## - CÓDIGO DE LENGUA |
| Código de lengua del texto/banda sonora o título independiente |
spa |
| 082 04 - NÚMERO DE LA CLASIFICACIÓN DECIMAL DEWEY |
| Número de edición |
23 |
| Número de clasificación |
613.62 |
| Número de documento/Ítem |
l011573 |
| 110 ## - ENTRADA PRINCIPAL--NOMBRE DE ENTIDAD CORPORATIVA |
| Nombre de entidad corporativa o nombre de jurisdicción como elemento de entrada |
ECO Ediciones |
| 245 ## - MENCIÓN DE TÍTULO |
| Título |
Codificación en salud ocupacional |
| 250 ## - MENCIÓN DE EDICIÓN |
| Mención de edición |
Primera edición |
| 264 ## - Producción, publicación, distribución, fabricación y copyright |
| Lugar de producción, publicación, distribución, fabricación |
Colombia |
| Nombre del de productor, editor, distribuidor, fabricante |
ECO Ediciones |
| Fecha de de producción, publicación, distribución, fabricación o copyright |
2007 |
| 300 ## - DESCRIPCIÓN FÍSICA |
| Extensión |
305 |
| 505 ## - NOTA DE CONTENIDO CON FORMATO |
| Nota de contenido con formato |
CONTENIDO: Introducción<br/>Registro de lesiones<br/>Utilidad de los registros de lesiones<br/>Comparación de experiencias<br/>Identificación de factores comunes<br/>Origen de los datos<br/>Método par llevar registros<br/>El accidente de trabajo<br/>Costos de los accidentes<br/>Filosofía de la prevención de accidentes<br/>Psicología de la prevención de accidentes<br/>Principales teorías sobre accidentalidad<br/>Teoría de las causas inmediatas de los accidentes según Heinrich<br/>Teoría sobre el control de accidentalidad<br/>Teoría sobre el costo de la seguridad o falta de seguridad<br/>Costos de la seguridad<br/>Modelo de causalidad de accidentes<br/>Teoría sobre le mecanismo del accidente<br/>Análisis de las causas primarias de los accidentes<br/>Método de investigación de accidente de trabajo<br/>Protocolos para la investigación de accidente e incidentes<br/>Investigación de accidentes laborales<br/>¿Por qué investigar los accidentes?<br/>Investigación de accidentes<br/>Propósito de la investigación<br/>Actitud de los trabajadores<br/>Denuncias de los accidentes<br/>Responsable de la investigación<br/>Procedimiento para hacer la investigación<br/>Investigación de accidente árbol de causas<br/>Reporte de accidentes de trabajo<br/>Resolución 156 de enero 27 de 2005<br/>Formatos para el reporte de accidente de trabajo<br/>Ocupación habitacional<br/>Tipo de lesión<br/>Parte del cuerpo aparentemente afectada<br/>Agente del accidente<br/>Mecanismo o forma del accidente<br/>Actividad económica<br/>Naturaleza de la lesión<br/>Parte del cuerpo afectada<br/>Agente de lesión<br/>Tipo de accidente<br/>Condición ambiental pelagrosa<br/>Agentes del accidente<br/>Acto inseguro<br/>Factores personales<br/>Factores de trabajo<br/>Procedimiento de análisis<br/>Prestaciones<br/>Prestaciones económicas<br/>Enfermedad profesional<br/>Tabla de enfermedad profesional. Decreto 1832 de agosto 3 de 1994<br/>Índices |
| 650 ## - PUNTO DE ACCESO ADICIONAL DE MATERIA--TÉRMINO DE MATERIA |
| Término de materia o nombre geográfico como elemento inicial |
Identificaciones de factores comunes |
| 650 ## - PUNTO DE ACCESO ADICIONAL DE MATERIA--TÉRMINO DE MATERIA |
| Término de materia o nombre geográfico como elemento inicial |
Metodos para llevar datos |
| 650 ## - PUNTO DE ACCESO ADICIONAL DE MATERIA--TÉRMINO DE MATERIA |
| Término de materia o nombre geográfico como elemento inicial |
Costos de la seguridad |
| 700 ## - PUNTO DE ACCESO ADICIONAL--NOMBRE DE PERSONA |
| Nombre de persona |
Fernado Henao Robledo |
| 942 ## - ELEMENTOS DE PUNTO DE ACCESO ADICIONAL (KOHA) |
| Fuente del sistema de clasificación o colocación |
Clasificación Decimal Dewey |
| Tipo de ítem Koha |
Libros |
| 999 ## - NÚMEROS DE CONTROL DE SISTEMA (KOHA) |
| Koha biblionumber |
13997 |